El psicólogo : ¿qué hace? /

La autora, doctora en psicología y psicoterapeuta, presenta en esta obra un panorama informativo sobre el desarrollo de la psicología y sus campos de aplicación, las características de quienes deseen elegir a la psicología como profesión y aspectos relacionados con el ejercicio profesional.

Uloženo v:
Podrobná bibliografie
Hlavní autor: Harrsch, Catalina (autor)
Další autoři: Lartigue Becerra, Teresa (compilación) (compilación)
Médium: Kniha
Jazyk:španělština
Vydáno: México : Alhambra, 1992, c1991
Vydání:2a edición
Témata:
Tagy: Přidat tag
Žádné tagy, Buďte první, kdo vytvoří štítek k tomuto záznamu!

MARC

LEADER 00000nam^a2200000^a^4500
001 000271054
005 20250521000000.0
009 20260310111016.707
020 |a 968-444-115-0 
037 |a Acervo Xavier Clavigero 
041 |a ESP 
082 |a 150. 23  |b HAR 
100 |a Harrsch, Catalina  |e (autor) 
240 1 4 |a [El psicólogo ¿qué hace?] 
245 1 3 |a El psicólogo :  |b ¿qué hace? /  |c C. Harrsch ; pról. de T. Lartigue Becerra. 
250 |a 2a edición 
264 4 |a México :  |b Alhambra,  |c 1992, c1991 
300 |a 255 p. 
336 |a texto  |b txt  |2 rdacontenido 
337 |a sin mediación  |b n  |2 rdamedio 
338 |a volumen  |b nc  |2 rdasoporte 
520 |a La autora, doctora en psicología y psicoterapeuta, presenta en esta obra un panorama informativo sobre el desarrollo de la psicología y sus campos de aplicación, las características de quienes deseen elegir a la psicología como profesión y aspectos relacionados con el ejercicio profesional. 
649 |a XX 
650 |a Psicólogos -  |x Tema Principal 
650 |a Profesiones 
650 |a Desarrollo Profesional 
650 |a Orientación Vocacional 
650 |a Psicología -  |x Tema Principal 
650 |a Psicología -  |x Prácticas Profesionales 
650 |a Psicología -  |x Historia 
650 |a Psicología -  |x Teoría 
700 |a Lartigue Becerra, Teresa  |e (compilación) 
910 |a Fondo General 
920 |a Impresos - Libros 
930 |a Colección General 
905 |a 101 
901 |a 013364  |b IT1  |c ACC  |u 20250521 
902 |a https://opac.biblio.iteso.mx/vufind/Record/000271054